Left 4 Dead Campaign Taglines - Statistics

General Stats
  • This quiz has been taken 76 times
  • The average score is 7 of 14
Answer Stats
Campaign Tagline % Correct
Dark Carnival "You must be this tall...TO DIE!"
76%
The Sacrifice "It's Your Funeral"
63%
Hard Rain "Come Hell and High Water."
53%
The Passing "Nobody survives forever."
51%
Blood Harvest "No hope. No cure. No problem."
51%
Dead Center "Prices aren't the only things getting slashed."
51%
No Mercy "Curing the Infection... One bullet at a time."
49%
The Parish "This time it all goes south."
49%
Death Toll "Hell came to Earth. These four are gonna send it back."
45%
Dead Air "Their flight just got delayed. Permanently."
45%
The Last Stand "It doesn't end well."
43%
Crash Course "Crashing will be the easiest thing they do today."
41%
Swamp Fever "The only cure is dying."
39%
Cold Stream "The fields have eyes, the trees have ears... and we have guns."
25%
No matching quizzes found
Score Distribution
Percent of People with Each Score
Percentile by Number Answered
Your Score History
You have not taken this quiz